Managerial Economics (Record no. 1119)

MARC details
000 -LEADER
fixed length control field 00407nam a22001577a 4500
005 - DATE AND TIME OF LATEST TRANSACTION
control field 20180323105915.0
008 - FIXED-LENGTH DATA ELEMENTS--GENERAL INFORMATION
fixed length control field 160519b xxu||||| |||| 00| 0 eng d
020 ## - INTERNATIONAL STANDARD BOOK NUMBER
ISBN 81-7014-990-8
041 ## - LANGUAGE CODE
Language code of text/sound track or separate title eng
082 ## - DEWEY DECIMAL CLASSIFICATION NUMBER
Item number 3291
Classification number 338.5024658
100 ## - MAIN ENTRY--AUTHOR NAME
Personal name Varshney/RL. Maheshwari
245 ## - TITLE STATEMENT
Title Managerial Economics
260 ## - PUBLICATION, DISTRIBUTION, ETC. (IMPRINT)
Place of publication New Delhi
Name of publisher Sultan Chand & Sons.
Year of publication 2002
650 ## - SUBJECT ADDED ENTRY--TOPICAL TERM
Topical Term Management
942 ## - ADDED ENTRY ELEMENTS (KOHA)
Koha item type Books
Holdings
Lost status Damaged status Collection code Home library Shelving location Date acquired Cost, normal purchase price Full call number Accession Number Koha item type
    MANAGEMENT JRU Library SHELF-60-B 19/05/2016 160.00 338.502 465 8 3291 Books